Statistics for Indian Landmarks Quiz

Click here to take the quiz!

General Stats

  • This quiz has been taken 20 times
  • The average score is 6 of 15

Answer Stats

Answer% Correct
Taj Mahal
100%
Red Fort
76%
India Gate
71%
Lotus Temple
71%
Golden Temple
65%
Charminar
47%
Mysore Palace
29%
Victoria Memorial
29%
Qutb Minar
24%
Humayun’s Tomb
18%
Bara Imambara
12%
Chittorgarh Fort
12%
Mehrangarh Fort
12%
Jai Vilas Mahal
0%
Laxmi Vilas Palace
0%

Score Distribution

Percentile by Number Answered

Percent of People with Each Score

Your Score History

You have not taken this quiz